Focus sur: Eileen Prince - Harry Potter - Statistiques

Statistiques générales
  • Ce quiz a été pris 141 fois
    140 depuis la dernière actualisation
  • Le résultat moyen est 5 sur 6
Statistiques - réponses
Informations recherchées Réponses % Correct
Statut du sang Sang-Pur
98%
Ecole fréquentée Poudlard
97%
Première mention Harry Potter et le Prince de Sang-Mêlé
93%
Fils Severus Rogue
92%
Epoux Tobias Rogue
70%
"Fonction" dans cette école Présidente du Club de Bavboules
18%
Aucun quiz correspondant
Distribution des résultats
% des personnes avec chaque résultat
Percentile par nombre de réponses
Votre historique - résultats
Vous n’avez pas pris ce quiz depuis la dernière actualisation